000 00697nmm a2200253 a 4500
003 AR-BaBNM
005 20251128204904.0
008 255020s2003 ||||||||||||||000 | spa||
020 _a987-21017-0-1
040 _cAR-BaBNM
245 1 0 _aUniversidad Católica de Salta, 1963-2003
260 _aBuenos Aires
_bManrique Zago Ediciones
_c2003
300 0 _a231 p.
_bil., láms.
650 4 _aEDUCACION
650 4 _aUNIVERSIDADES
650 4 _aHISTORIA DE LA EDUCACION
650 4 _aIGLESIA CATOLICA
650 4 _aSIGLO VEINTE
650 4 _aEDUCACION RELIGIOSA
650 4 _aENSENANZA UNIVERSITARIA
700 1 _aColombo Murúa, Patricio
_ecoordinador
942 _cBK
998 _cmariana
999 _c9209
_d9209